| 000 | 00451nam a22001457a 4500 | ||
|---|---|---|---|
| 005 | 20250424154513.0 | ||
| 008 | 250424b |||||||| |||| 00| 0 eng d | ||
| 020 | _a9780262731201 | ||
| 050 | _aHC 412 | ||
| 100 | _aWOO, WING TYE ed | ||
| 245 |
_aECONOMIES IN TRANSITION _bCOMPARING ASIA AND EASTERN EUROPE _cWING THYE WOO, STEPHEN PARKER AND JEFFREY D. SACHS eds |
||
| 260 |
_aCAMBRIDGE _bMIT PRESS _cc1997 |
||
| 300 | _axiv;, 412p; | ||
| 942 |
_2lcc _cBK _n0 |
||
| 999 |
_c5531 _d5531 |
||